Day by day with the early church fathers / (Record no. 10019)

MARC details
000 -LEADER
fixed length control field 01143cam a2200289 a 4500
001 - CONTROL NUMBER
control field 1213823
003 - CONTROL NUMBER IDENTIFIER
control field OSt
005 - DATE AND TIME OF LATEST TRANSACTION
control field 20210208151149.0
008 - FIXED-LENGTH DATA ELEMENTS--GENERAL INFORMATION
fixed length control field 990415s1999 maua b 000 0 eng
010 ## - LIBRARY OF CONGRESS CONTROL NUMBER
LC control number 99029485
020 ## - INTERNATIONAL STANDARD BOOK NUMBER
International Standard Book Number 1565633962 (cloth)
040 ## - CATALOGING SOURCE
Original cataloging agency DLC
Transcribing agency DLC
Modifying agency DLC
050 00 - LIBRARY OF CONGRESS CALL NUMBER
Classification number BV4810
Item number H885D
082 00 - DEWEY DECIMAL CLASSIFICATION NUMBER
Classification number 242/.2
Edition number 21
Item number H885D
245 00 - TITLE STATEMENT
Title Day by day with the early church fathers /
Statement of responsibility, etc. compiled and edited by Christopher D. Hudson, J. Alan Scharrer, and Lindsay Vanker.
260 ## - PUBLICATION, DISTRIBUTION, ETC.
Place of publication, distribution, etc. Peabody, MA :
Name of publisher, distributor, etc. Hendrickson Publishers,,
Date of publication, distribution, etc. c1999.
300 ## - PHYSICAL DESCRIPTION
Extent v, 389 p. :
Other physical details ill. ;
Dimensions 23 cm.
504 ## - BIBLIOGRAPHY, ETC. NOTE
Bibliography, etc. note Includes bibliographical references (p. 380).
650 #0 - SUBJECT ADDED ENTRY--TOPICAL TERM
Topical term or geographic name entry element Devotional calendars.
700 1# - ADDED ENTRY--PERSONAL NAME
Personal name Hudson, Christopher D.
700 1# - ADDED ENTRY--PERSONAL NAME
Personal name Sharrer, J. Alan.
700 1# - ADDED ENTRY--PERSONAL NAME
Personal name Vanker, Lindsay.
856 42 - ELECTRONIC LOCATION AND ACCESS
Materials specified Publisher description
Uniform Resource Identifier <a href="http://www.loc.gov/catdir/description/hend021/99029485.html">http://www.loc.gov/catdir/description/hend021/99029485.html</a>
906 ## - LOCAL DATA ELEMENT F, LDF (RLIN)
a 7
b cbc
c orignew
d 1
e ocip
f 19
g y-gencatlg
942 ## - ADDED ENTRY ELEMENTS (KOHA)
Source of classification or shelving scheme Dewey Decimal Classification
Koha item type Books
Holdings
Withdrawn status Lost status Source of classification or shelving scheme Damaged status Not for loan Collection code Home library Current library Shelving location Date acquired Total Checkouts Full call number Barcode Date last seen Price effective from Koha item type
    Dewey Decimal Classification     Non-fiction Harvest Mission College Harvest Mission College General Stacks 17.02.2021   242.2 H885D 011504 17.02.2021 17.02.2021 Books

OPAC Designed and Maintained by HMC Library Team.
Copyright © HMC Library,Greater Noida, UP.
For any Suggestions/Query Contact library via Email:libhmc@gmail.com